[Event "ch-city"]
[Site "Milanowek"]
[Date "2010.06.27"]
[Round "2.11"]
[White "Trocha, Adam"]
[Black "Wyszomirski, Krzysztof"]
[Result "0-1"]
[WhiteElo "1525"]
[BlackElo "1736"]
[PlyCount "80"]
[EventDate "2010.06.26"]
[EventType "swiss"]
[EventRounds "1"]
[EventCountry "POL"]
[SourceDate "2010.06.26"]

1. c4 c5 2. Nc3 Nc6 3. g3 e6 4. Bg2 Nf6 5. e4 Be7 6. Nge2 O-O 7. O-O Ne8 8. d4
cxd4 9. Nxd4 a6 10. Re1 Qc7 11. b3 f5 12. exf5 Nxd4 13. Qxd4 Rxf5 14. Nd5 Rxd5
15. cxd5 Bf6 16. Qb4 Bxa1 17. Ba3 d6 18. Rxa1 e5 19. Rc1 Qe7 20. Re1 Qf7 21.
Qb6 Bf5 22. Bxd6 e4 23. Bxe4 Bxe4 24. Rxe4 Qxd5 25. Rd4 Qf3 26. Be7 Qc3 27.
Qe6+ Kh8 28. Rf4 Nc7 29. Qf5 Qe1+ 30. Kg2 Qxe7 31. Rh4 h6 32. Qg6 Qe6 33. Qc2
Nb5 34. Qb2 Rf8 35. g4 Qd5+ 36. Kf1 Qd1+ 37. Kg2 Qf3+ 38. Kf1 Nc3 39. Rxh6+
gxh6 40. Kg1 Kg8 0-1

[Event "ch-city"]
[Site "Milanowek"]
[Date "2010.06.27"]
[Round "2.12"]
[White "Chmielewska, Joanna"]
[Black "Kucharski, Jacek"]
[Result "1-0"]
[WhiteElo "1691"]
[BlackElo "1369"]
[PlyCount "49"]
[EventDate "2010.06.26"]
[EventType "swiss"]
[EventRounds "1"]
[EventCountry "POL"]
[SourceDate "2010.06.26"]

1. e4 e5 2. Nf3 Nc6 3. Bc4 Na5 4. Bxf7+ Kxf7 5. Nxe5+ Ke7 6. Qh5 Qe8 7. Qg5+
Nf6 8. Nc3 c6 9. b4 d6 10. Nf3 Nc4 11. O-O Kd8 12. d3 Ne5 13. Nd4 Qg6 14. Qe3
Be7 15. f4 Neg4 16. Qf3 h5 17. b5 Bd7 18. bxc6 bxc6 19. Bd2 Ne8 20. e5 Rc8 21.
e6 Bxe6 22. Nxc6+ Rxc6 23. Qxc6 Nc7 24. Rab1 Bf6 25. Rb8+ 1-0

[Event "ch-city"]
[Site "Milanowek"]
[Date "2010.06.27"]
[Round "2.13"]
[White "Rozycki, Wojciech"]
[Black "Winiarski, Mikolaj"]
[Result "0-1"]
[WhiteElo "1503"]
[BlackElo "1674"]
[PlyCount "56"]
[EventDate "2010.06.26"]
[EventType "swiss"]
[EventRounds "1"]
[EventCountry "POL"]
[SourceDate "2010.06.26"]

1. e4 c5 2. Nf3 Nc6 3. c3 d6 4. d4 cxd4 5. cxd4 Bg4 6. d5 Nb8 7. Bb5+ Bd7 8.
Nc3 a6 9. Ba4 Bxa4 10. Nxa4 Nd7 11. Be3 b5 12. Nc3 Ngf6 13. O-O g6 14. Qd2 Bg7
15. Bh6 O-O 16. Rfe1 Nb6 17. Bxg7 Kxg7 18. Qd4 Rc8 19. e5 dxe5 20. Qxe5 b4 21.
g4 bxc3 22. g5 Qxd5 23. gxf6+ exf6 24. Qxd5 Nxd5 25. b3 Nb4 26. Rec1 Nd3 27.
Rc2 Nb4 28. Rcc1 c2 0-1

[Event "ch-city"]
[Site "Milanowek"]
[Date "2010.06.28"]
[Round "3.1"]
[White "Borkowski, Adam"]
[Black "Janczarski, Michal"]
[Result "0-1"]
[WhiteElo "1827"]
[BlackElo "2281"]
[PlyCount "92"]
[EventDate "2010.06.26"]
[EventType "swiss"]
[EventRounds "1"]
[EventCountry "POL"]
[SourceDate "2010.06.26"]

1. c4 Nf6 2. Nc3 e6 3. g3 c5 4. Bg2 Nc6 5. e3 d5 6. cxd5 exd5 7. d3 Be6 8. Nge2
d4 9. exd4 cxd4 10. Ne4 Nxe4 11. dxe4 Bc5 12. Bd2 Qb6 13. Nf4 O-O 14. b3 Ne5
15. h3 a5 16. O-O a4 17. Nxe6 fxe6 18. Bf4 Ng6 19. Bg5 h6 20. b4 Bxb4 21. Rb1
Qd6 22. e5 Nxe5 23. Bf4 Rxf4 24. gxf4 Ng6 25. Qg4 Ne7 26. Bxb7 Rf8 27. Rxb4
Qxb4 28. Qxe6+ Kh8 29. Be4 Ng8 30. Rb1 Qd2 31. Qg6 Nf6 32. Bf5 Qxa2 33. Rb7 Qg8
34. Ra7 Ra8 35. Be6 Rxa7 36. Bxg8 Kxg8 37. Qb1 Rd7 38. Qd3 a3 39. Kf1 a2 40.
Qb3+ Kh7 41. Qxa2 d3 42. Qb1 g6 43. f5 gxf5 44. Ke1 d2+ 45. Kd1 Ne4 46. Qxe4
fxe4 0-1

[Event "ch-city"]
[Site "Milanowek"]
[Date "2010.06.28"]
[Round "3.2"]
[White "Olejarczyk, Bogdan"]
[Black "Tomaszewska, Luiza"]
[Result "1-0"]
[WhiteElo "2174"]
[BlackElo "1968"]
[PlyCount "61"]
[EventDate "2010.06.26"]
[EventType "swiss"]
[EventRounds "1"]
[EventCountry "POL"]
[SourceDate "2010.06.26"]

1. d4 Nf6 2. Nf3 d5 3. Bf4 g6 4. e3 Bg7 5. h3 O-O 6. Bd3 c5 7. c3 Nc6 8. Nbd2
Nd7 9. O-O c4 10. Be2 b5 11. e4 e6 12. Bd6 Re8 13. a4 Nb6 14. axb5 Qxd6 15.
bxc6 Qxc6 16. e5 a5 17. b3 a4 18. bxa4 Nxa4 19. Qc2 Bd7 20. Rfb1 Bf8 21. Nh2 f5
22. exf6 e5 23. Bg4 exd4 24. cxd4 Bd6 25. Ndf3 Nb6 26. Rxa8 Rxa8 27. Ne5 Bxe5
28. dxe5 Be6 29. Nf3 Bxg4 30. hxg4 Ra6 31. Re1 1-0

[Event "ch-city"]
[Site "Milanowek"]
[Date "2010.06.28"]
[Round "3.3"]
[White "Liberadzki, Slawomir"]
[Black "Rozycki, Bartlomiej"]
[Result "1-0"]
[WhiteElo "2007"]
[BlackElo "1740"]
[PlyCount "63"]
[EventDate "2010.06.26"]
[EventType "swiss"]
[EventRounds "1"]
[EventCountry "POL"]
[SourceDate "2010.06.26"]

1. e4 e5 2. Nc3 Nf6 3. f4 d5 4. fxe5 Nxe4 5. Nf3 Be7 6. Qe2 Ng5 7. Nxg5 Bxg5 8.
d4 Bxc1 9. Rxc1 O-O 10. Qh5 Nc6 11. Rd1 Ne7 12. Bd3 Ng6 13. O-O c6 14. Ne2 Re8
15. Nf4 Qb6 16. Kh1 Qxd4 17. Nxg6 fxg6 18. Qf3 Bg4 19. Qf7+ Kh8 20. Rf4 Qxf4
21. Qxf4 Bxd1 22. h3 c5 23. Bb5 Re6 24. Bd7 Re7 25. e6 Kg8 26. Qd2 Bxc2 27.
Qxc2 b6 28. Qb3 d4 29. Qd5 Rd8 30. Qd6 Kf8 31. Qc7 Ra8 32. Qf4+ 1-0

[Event "ch-city"]
[Site "Milanowek"]
[Date "2010.06.28"]
[Round "3.4"]
[White "Rogalski, Krzysztof"]
[Black "Gajewski, Dariusz"]
[Result "0-1"]
[WhiteElo "1948"]
[BlackElo "2014"]
[PlyCount "106"]
[EventDate "2010.06.26"]
[EventType "swiss"]
[EventRounds "1"]
[EventCountry "POL"]
[SourceDate "2010.06.26"]

1. d4 Nf6 2. c4 e5 3. dxe5 Ng4 4. Nf3 Nc6 5. Bd2 Bc5 6. e3 Ngxe5 7. Nxe5 Nxe5
8. Bc3 Qe7 9. a3 a5 10. Nd2 O-O 11. Be2 d6 12. b4 Bb6 13. O-O c6 14. Kh1 f5 15.
Nf3 Bc7 16. Rc1 Rf6 17. c5 d5 18. g3 Bd7 19. Qc2 Rh6 20. Nxe5 Bxe5 21. Bxe5
Qxe5 22. Bf3 g5 23. Qc3 Qxc3 24. Rxc3 axb4 25. axb4 Ra2 26. b5 Rf6 27. Kg1 f4
28. exf4 gxf4 29. bxc6 bxc6 30. Rd1 fxg3 31. hxg3 Rxf3 32. Rxf3 Bg4 33. Kg2 Rc2
34. Rd4 Bxf3+ 35. Kxf3 Rxc5 36. Kf4 Kf7 37. Ke5 Rc2 38. Kd6 Rc4 39. Rd1 d4 40.
f4 c5 41. Ke5 Rc3 42. g4 d3 43. f5 c4 44. g5 Rc2 45. Ra1 Re2+ 46. Kd5 d2 47.
Kxc4 Re1 48. Ra7+ Ke8 49. Ra8+ Kd7 50. Ra7+ Kd6 51. Rxh7 Rc1+ 52. Kb4 d1=Q 53.
g6 Qd4+ 0-1

[Event "ch-city"]
[Site "Milanowek"]
[Date "2010.06.28"]
[Round "3.5"]
[White "Winski, Lukasz"]
[Black "Lasota, Adam"]
[Result "1-0"]
[WhiteElo "2115"]
[BlackElo "1825"]
[PlyCount "67"]
[EventDate "2010.06.26"]
[EventType "swiss"]
[EventRounds "1"]
[EventCountry "POL"]
[SourceDate "2010.06.26"]

1. e4 c5 2. c3 Nf6 3. e5 Nd5 4. Nf3 e6 5. d4 cxd4 6. cxd4 d6 7. Nc3 Nxc3 8.
bxc3 Qc7 9. Bd2 Nc6 10. exd6 Bxd6 11. Bd3 Ne7 12. O-O Bd7 13. c4 Bc6 14. Re1
Bxf3 15. Qxf3 Ng6 16. g3 O-O 17. h4 Rfd8 18. h5 Nf8 19. h6 f6 20. Rab1 b6 21.
c5 Be7 22. hxg7 Kxg7 23. Bf4 Qd7 24. Be4 Rac8 25. c6 Qxd4 26. c7 Re8 27. Qh5 f5
28. Bxf5 Bf6 29. Rbd1 Qa4 30. Bh6+ Kg8 31. Re4 Qxd1+ 32. Qxd1 exf5 33. Rxe8
Rxe8 34. Qb3+ 1-0

[Event "ch-city"]
[Site "Milanowek"]
[Date "2010.06.28"]
[Round "3.6"]
[White "Wyszomirski, Krzysztof"]
[Black "Sujkowski, Pawel"]
[Result "0-1"]
[WhiteElo "1736"]
[BlackElo "1944"]
[PlyCount "64"]
[EventDate "2010.06.26"]
[EventType "swiss"]
[EventRounds "1"]
[EventCountry "POL"]
[SourceDate "2010.06.26"]

1. e4 c5 2. Nf3 Nc6 3. d4 cxd4 4. Nxd4 Nf6 5. Nc3 g6 6. Be3 Bg7 7. f3 O-O 8.
Qd2 d5 9. Nxc6 bxc6 10. e5 Nd7 11. f4 Qa5 12. h4 e6 13. Nd1 Qxd2+ 14. Kxd2 f6
15. exf6 Nxf6 16. Bd3 Ng4 17. h5 Nxe3 18. Kxe3 Bh6 19. g3 g5 20. fxg5 Bxg5+ 21.
Kd4 Be7 22. c4 Bd6 23. cxd5 cxd5 24. Ke3 e5 25. Kd2 Rb8 26. b3 Bb4+ 27. Kc2 e4
28. Be2 Be6 29. a3 Rfc8+ 30. Kb2 Bd2 31. Rb1 d4 32. b4 d3 0-1

[Event "ch-city"]
[Site "Milanowek"]
[Date "2010.06.28"]
[Round "3.7"]
[White "Staniak, Mariusz"]
[Black "Chmielewska, Joanna"]
[Result "1/2-1/2"]
[WhiteElo "1901"]
[BlackElo "1691"]
[PlyCount "48"]
[EventDate "2010.06.26"]
[EventType "swiss"]
[EventRounds "1"]
[EventCountry "POL"]
[SourceDate "2010.06.26"]

1. c4 c6 2. Nf3 Nf6 3. g3 d5 4. b3 Bf5 5. Bg2 e6 6. Bb2 h6 7. O-O Be7 8. d3 O-O
9. Nbd2 Nbd7 10. Re1 Bg6 11. e4 Nc5 12. Ne5 dxe4 13. Nxg6 fxg6 14. Nxe4 Nxd3
15. Nxf6+ Bxf6 16. Bxf6 Rxf6 17. Re2 Qd4 18. Be4 Rd8 19. Bxd3 Qxd3 20. Qe1 Qd6
21. Qa5 Qd4 22. Rae1 Rd7 23. Qb4 a6 24. Qa5 Kf7 $11 1/2-1/2

[Event "ch-city"]
[Site "Milanowek"]
[Date "2010.06.28"]
[Round "3.8"]
[White "Winiarski, Mikolaj"]
[Black "Cyra, Dariusz"]
[Result "0-1"]
[WhiteElo "1674"]
[BlackElo "1874"]
[PlyCount "120"]
[EventDate "2010.06.26"]
[EventType "swiss"]
[EventRounds "1"]
[EventCountry "POL"]
[SourceDate "2010.06.26"]

1. d4 e6 2. e3 f5 3. Bd3 Nf6 4. Nd2 b6 5. Ngf3 Bb7 6. O-O d6 7. c4 Be7 8. Qc2
Nc6 9. a3 O-O 10. Ng5 Bc8 11. d5 Ne5 12. dxe6 Nfg4 13. Nf7 Nxf7 14. exf7+ Rxf7
15. Nf3 Ne5 16. Nxe5 dxe5 17. Rd1 Qe8 18. b3 Bd6 19. Bb2 a5 20. Qc3 Qe7 21. c5
bxc5 22. Bc4 Be6 23. Bxe6 Qxe6 24. Qc4 Qxc4 25. bxc4 Rb8 26. Bc3 a4 27. Rab1
Rff8 28. Kf1 Kf7 29. Ke2 Ke6 30. g3 Rb6 31. Rxb6 cxb6 32. Rb1 Rb8 33. f4 g6 34.
Rd1 exf4 35. gxf4 Rb7 36. Rb1 Kd7 37. h4 Kc6 38. Rb5 Re7 39. Bf6 Re8 40. Kd3
Be7 41. Bg5 Bf8 42. Ke2 Bg7 43. h5 gxh5 44. Rb1 h6 45. Bh4 Re6 46. Bd8 Kb7 47.
Kf3 Bc3 48. Rd1 Kc6 49. Rd5 Rd6 50. e4 fxe4+ 51. Kxe4 Rxd5 52. cxd5+ Kd6 53.
Bxb6 h4 54. Ba7 Bf6 55. Bb8+ Kd7 56. f5 c4 57. Be5 Bxe5 58. Kxe5 c3 59. f6 c2
60. d6 c1=Q 0-1

[Event "ch-city"]
[Site "Milanowek"]
[Date "2010.06.28"]
[Round "3.9"]
[White "Woloszyn, Piotr"]
[Black "Herman, Monika"]
[Result "1/2-1/2"]
[WhiteElo "1759"]
[BlackElo "1665"]
[PlyCount "113"]
[EventDate "2010.06.26"]
[EventType "swiss"]
[EventRounds "1"]
[EventCountry "POL"]
[SourceDate "2010.06.26"]

1. c4 e5 2. Nc3 Nf6 3. Nf3 d6 4. g3 Be6 5. d3 Nc6 6. Bg2 Be7 7. Qb3 Rb8 8. Nd5
O-O 9. Nxe7+ Nxe7 10. Ng5 c6 11. Nxe6 fxe6 12. O-O Nf5 13. Qa4 a6 14. e3 Nd7
15. b4 Qc8 16. Ba3 b5 17. Qc2 Rf6 18. Rac1 Nb6 19. cxb5 cxb5 20. Qb3 Qd8 21.
Bb2 Na4 22. Ba1 a5 23. a3 axb4 24. axb4 Rh6 25. d4 exd4 26. exd4 d5 27. Rc2 Nb6
28. Rd1 Nc4 29. Ra2 Ra8 30. Bb2 Nxb2 31. Qxb2 Nd6 32. Rda1 Rb8 33. Ra6 Nc4 34.
Qe2 Qc8 35. Ra7 Rb7 36. R7a2 Qf8 37. Ra8 Rb8 38. Qa2 Rf6 39. Rxb8 Qxb8 40. Qa8
Qxa8 41. Rxa8+ Rf8 42. Ra7 Rf7 43. Ra2 g6 44. Bh3 Re7 45. f4 Kf7 46. Kf2 h6 47.
Ke2 g5 48. Kd3 Kf6 49. Ra6 Kf7 $11 50. Bg2 gxf4 51. gxf4 Rc7 52. Bh3 Re7 53.
Ra2 Kf6 54. Ra6 Kf7 55. Ra2 Kf6 56. Ra6 Kf7 57. Ra2 $11 1/2-1/2

[Event "ch-city"]
[Site "Milanowek"]
[Date "2010.06.28"]
[Round "3.10"]
[White "Grochulski, Grzegorz"]
[Black "Paziewski, Marcin"]
[Result "1/2-1/2"]
[WhiteElo "2026"]
[BlackElo "1761"]
[PlyCount "66"]
[EventDate "2010.06.26"]
[EventType "swiss"]
[EventRounds "1"]
[EventCountry "POL"]
[SourceDate "2010.06.26"]

1. c4 Nf6 2. Nc3 e6 3. g3 d5 4. Bg2 c6 5. d4 Be7 6. Nf3 O-O 7. O-O Nbd7 8. Bf4
Re8 9. Qc2 Nf8 10. Rfd1 Ng6 11. Be5 Ng4 12. h3 N4xe5 13. Nxe5 Bf6 14. Ng4 h5
15. Nxf6+ Qxf6 16. e4 dxc4 17. e5 Qd8 18. Ne4 Ne7 19. Qxc4 Qb6 20. Qe2 Nf5 21.
Qxh5 Rd8 22. Ng5 Nh6 23. b3 Rxd4 24. Rxd4 Qxd4 25. Rd1 Qb6 26. Rd2 Qc7 27. Qd1
g6 28. Rd8+ Kg7 29. Qd6 Qxd6 30. exd6 f6 31. Nf3 Nf7 32. Re8 Nxd6 33. Rd8 Nf7
$11 1/2-1/2

[Event "ch-city"]
[Site "Milanowek"]
[Date "2010.06.28"]
[Round "3.11"]
[White "Rozycki, Dariusz"]
[Black "Kaminski, Stefan"]
[Result "0-1"]
[WhiteElo "1505"]
[BlackElo "1575"]
[PlyCount "46"]
[EventDate "2010.06.26"]
[EventType "swiss"]
[EventRounds "1"]
[EventCountry "POL"]
[SourceDate "2010.06.26"]

1. e4 e5 2. Nf3 Nc6 3. Bc4 h6 4. d4 exd4 5. Nxd4 Qf6 6. c3 Bc5 7. Be3 Nge7 8.
Nc2 Bxe3 9. Nxe3 O-O 10. Nd2 Ne5 11. Ng4 Nxg4 12. Qxg4 d5 13. Qg3 dxc4 14.
O-O-O Qc6 15. f4 b5 16. f5 Qd6 17. Qf3 Qe5 18. g4 Bb7 19. h4 f6 20. Qe3 Nd5 21.
Qe2 Rae8 22. Qf2 Nf4 23. Qd4 Ne2+ 0-1

[Event "ch-city"]
[Site "Milanowek"]
[Date "2010.06.28"]
[Round "3.12"]
[White "Kowalik, Pawel"]
[Black "Rozycki, Wojciech"]
[Result "1-0"]
[WhiteElo "1791"]
[BlackElo "1503"]
[PlyCount "57"]
[EventDate "2010.06.26"]
[EventType "swiss"]
[EventRounds "1"]
[EventCountry "POL"]
[SourceDate "2010.06.26"]

1. c4 e5 2. Nc3 Nc6 3. Nf3 f5 4. d3 g6 5. g3 Bg7 6. Bg5 Nf6 7. Nd5 h6 8. Bxf6
Bxf6 9. Nxf6+ Qxf6 10. e3 O-O 11. Qd2 d6 12. Bg2 b6 13. O-O Bd7 14. b4 Rae8 15.
b5 e4 16. bxc6 Bxc6 17. Nd4 Bb7 18. Nb5 Re7 19. Nxa7 c6 20. dxe4 fxe4 21. Qb4
d5 22. Qxb6 Qc3 23. cxd5 cxd5 24. Qxg6+ Rg7 25. Qe6+ Kh7 26. Nb5 Qd2 27. Nd6
Ba6 28. Rad1 Qxa2 29. Ra1 1-0

[Event "ch-city"]
[Site "Milanowek"]
[Date "2010.06.28"]
[Round "3.13"]
[White "Kucharski, Jacek"]
[Black "Trocha, Adam"]
[Result "1-0"]
[WhiteElo "1369"]
[BlackElo "1525"]
[PlyCount "145"]
[EventDate "2010.06.26"]
[EventType "swiss"]
[EventRounds "1"]
[EventCountry "POL"]
[SourceDate "2010.06.26"]

1. d4 Nf6 2. Nf3 e6 3. g3 b5 4. Bg2 Bb7 5. O-O d5 6. Bg5 Be7 7. c3 h6 8. Bxf6
Bxf6 9. Re1 O-O 10. Nbd2 Nd7 11. Nb3 a5 12. Qc2 a4 13. Nbd2 c5 14. e3 Qb6 15.
a3 Rfc8 16. Rac1 e5 17. Qf5 Qd6 18. dxe5 Nxe5 19. Nxe5 Qxe5 20. Qxe5 Bxe5 21.
Red1 Rab8 22. f4 Bc7 23. Nf3 f6 24. Nh4 Rd8 25. Nf5 Kf7 26. Rd3 Rd7 27. Bh3
Rbd8 28. Bg2 Bb6 29. Re1 Kg8 30. Rdd1 Re8 31. Kh1 Kh7 32. g4 g6 33. Ng3 c4 34.
e4 d4 35. cxd4 Rxd4 36. Rxd4 Bxd4 37. Rd1 Rd8 38. Ne2 Bb6 39. Rxd8 Bxd8 40. Nc3
Bc6 41. e5 Bxg2+ 42. Kxg2 fxe5 43. fxe5 Bc7 44. e6 Kg7 45. Nxb5 Be5 46. Nc3
Bxc3 47. bxc3 Kf6 48. e7 Kxe7 49. Kf3 Kd6 50. Ke4 Kc6 51. Kd4 Kb5 52. Kd5 h5
53. g5 Kb6 54. Kxc4 Kc6 55. h4 Kd6 56. Kb4 Kd5 57. Kb5 Kd6 58. Kxa4 Kc5 59. Kb3
Kb5 60. a4+ Kc5 61. c4 Kc6 62. Kb4 Kb6 63. c5+ Kc6 64. Kc4 Kc7 65. Kd5 Kd7 66.
a5 Kc7 67. a6 Kb8 68. Kc6 Ka7 69. Kc7 Ka8 70. c6 Ka7 71. Kc8 Ka8 72. c7 Ka7 73.
Kd8 1-0

[Event "ch-city"]
[Site "Milanowek"]
[Date "2010.06.29"]
[Round "4.1"]
[White "Janczarski, Michal"]
[Black "Olejarczyk, Bogdan"]
[Result "1-0"]
[WhiteElo "2281"]
[BlackElo "2174"]
[PlyCount "65"]
[EventDate "2010.06.26"]
[EventType "swiss"]
[EventRounds "1"]
[EventCountry "POL"]
[SourceDate "2010.06.26"]

1. g3 d5 2. Bg2 Nf6 3. c4 c6 4. Nf3 Bf5 5. O-O e6 6. d3 h6 7. Be3 Nbd7 8. Qb3
Qc7 9. Nc3 Nc5 10. Bxc5 Bxc5 11. cxd5 exd5 12. e4 dxe4 13. Nxe4 Nxe4 14. dxe4
Be6 15. Qc3 Qb6 16. Rac1 Bf8 17. Rfd1 Rd8 18. Qe5 Be7 19. Qxg7 Rf8 20. b3 Bc5
21. Rxd8+ Kxd8 22. Kh1 Kc8 23. Nd4 Bd7 24. f4 Rd8 25. Nf3 Bf8 26. Qxf7 Bg4 27.
Ne5 Qe3 28. Rf1 Be2 29. Qe6+ Kb8 30. Qf6 Qd4 31. Rb1 Qd1+ 32. Rxd1 Rxd1+ 33.
Bf1 1-0

[Event "ch-city"]
[Site "Milanowek"]
[Date "2010.06.29"]
[Round "4.2"]
[White "Tomaszewska, Luiza"]
[Black "Liberadzki, Slawomir"]
[Result "0-1"]
[WhiteElo "1968"]
[BlackElo "2007"]
[PlyCount "86"]
[EventDate "2010.06.26"]
[EventType "swiss"]
[EventRounds "1"]
[EventCountry "POL"]
[SourceDate "2010.06.26"]

1. e4 c5 2. d3 Nc6 3. g3 g6 4. Bg2 Bg7 5. Nd2 e6 6. Ngf3 Nge7 7. O-O O-O 8. Re1
d6 9. Nf1 Rb8 10. h4 b5 11. N1h2 Bb7 12. c3 b4 13. Bd2 Qb6 14. Qc1 Ba6 15. c4
b3 16. a3 f5 17. Bh6 Bc8 $11 18. Bxg7 Kxg7 19. h5 e5 20. hxg6 Nxg6 21. Nf1 f4
22. N1d2 Bg4 23. Kh2 Nd4 24. Nxd4 cxd4 25. Rh1 fxg3+ 26. fxg3 Rf2 27. Kg1 Rbf8
28. Nf1 Rxg2+ 29. Kxg2 Bf3+ 30. Kg1 Bxh1 31. Kxh1 Qd8 32. Qe1 Qg5 33. Qe2 h5
34. Nh2 h4 35. gxh4 Qxh4 36. Qg4 Rf2 37. Qxh4 Nxh4 38. Rg1+ Kf7 39. Ng4 Rxb2
40. Nh6+ Ke6 41. Rg4 Nf3 42. Rg6+ Kd7 43. Rg7+ Kc6 0-1

[Event "ch-city"]
[Site "Milanowek"]
[Date "2010.06.29"]
[Round "4.3"]
[White "Cyra, Dariusz"]
[Black "Winski, Lukasz"]
[Result "0-1"]
[WhiteElo "1874"]
[BlackElo "2115"]
[PlyCount "86"]
[EventDate "2010.06.26"]
[EventType "swiss"]
[EventRounds "1"]
[EventCountry "POL"]
[SourceDate "2010.06.26"]

1. d4 Nf6 2. c4 e6 3. Nc3 Bb4 4. Nf3 b6 5. Bg5 Bb7 6. e3 O-O 7. Bd3 Be7 8. O-O
d6 9. Qe2 Nbd7 10. b4 c5 11. a3 h6 12. Bh4 a6 13. Rfd1 Rc8 14. h3 d5 15. dxc5
bxc5 16. b5 axb5 17. Nxb5 Qa5 18. Bg3 Ne8 19. Rab1 Qa8 20. cxd5 Bxd5 21. e4 Bc6
22. Rb3 c4 23. Bxc4 Nc5 24. Rb2 Bxe4 25. Ne1 Bf5 26. f3 Na4 27. Rbd2 Bc5+ 28.
Kh1 Nf6 29. Be5 Nh7 30. Bb3 Ng5 31. Rd7 Nb6 32. Nd3 Nxd7 33. Bc3 Qc6 34. a4
Bxd3 35. Qxd3 Rfd8 36. Bc2 Nf8 37. Qe2 Rxd1+ 38. Qxd1 Qd5 39. Qe2 Ng6 40. a5
Nf4 41. Qe1 Nxg2 42. Kxg2 Qxf3+ 43. Kh2 Qxh3# 0-1

[Event "ch-city"]
[Site "Milanowek"]
[Date "2010.06.29"]
[Round "4.4"]
[White "Gajewski, Dariusz"]
[Black "Rozycki, Bartlomiej"]
[Result "1/2-1/2"]
[WhiteElo "2014"]
[BlackElo "1740"]
[PlyCount "130"]
[EventDate "2010.06.26"]
[EventType "swiss"]
[EventRounds "1"]
[EventCountry "POL"]
[SourceDate "2010.06.26"]

1. e4 e5 2. f4 exf4 3. Nf3 Nf6 4. e5 Nh5 5. Bc4 d5 6. Bb3 c5 7. d4 cxd4 8. Qxd4
Nc6 9. Qxd5 Qxd5 10. Bxd5 h6 11. Nc3 g5 12. Bxc6+ bxc6 13. Nd4 Bc5 14. Nb3 Bb6
15. Ne4 Bc7 16. Nd6+ Bxd6 17. exd6 Kd7 18. Bd2 Kxd6 19. O-O-O Ke6 20. Rhe1+ Kf5
21. Bc3 Nf6 22. Nd4+ Kg6 23. Nxc6 Be6 24. Ne5+ Kf5 25. h3 h5 26. Nf3 Kg6 27.
Re5 Nh7 28. h4 g4 29. Ng5 Rhe8 30. Nxh7 Kxh7 31. Rxh5+ Kg6 32. Rg5+ Kh7 33. Rf1
f5 34. Rxf4 Rg8 35. Rd4 Rxg5 36. hxg5 g3 37. Rh4+ Kg6 38. Rh6+ Kf7 39. g6+ Ke7
40. Rh7+ Kd6 41. g7 Rg8 42. Rh8 Ke7 43. Rxg8 Bxg8 44. Kd2 Bd5 45. Ke3 Kf7 46.
Kf4 Bxg2 47. Bd4 Be4 48. c3 g2 49. Bxa7 Kxg7 50. Ke5 Kg6 51. Be3 Kh5 52. Kf4
Kg6 53. Ke5 Kh5 $11 54. b4 Kg4 55. Bg1 Kf3 56. c4 f4 57. b5 Ba8 58. Bh2 Ke3 59.
Bxf4+ Kd3 60. Bh2 Kxc4 $11 61. b6 Kb4 62. Kd6 Bf3 63. Kc7 Kc3 64. b7 Bxb7 65.
Kxb7 Kb4 1/2-1/2

[Event "ch-city"]
[Site "Milanowek"]
[Date "2010.06.29"]
[Round "4.5"]
[White "Sujkowski, Pawel"]
[Black "Borkowski, Adam"]
[Result "0-1"]
[WhiteElo "1944"]
[BlackElo "1827"]
[PlyCount "58"]
[EventDate "2010.06.26"]
[EventType "swiss"]
[EventRounds "1"]
[EventCountry "POL"]
[SourceDate "2010.06.26"]

1. e4 c5 2. d4 cxd4 3. Nf3 Nc6 4. Nxd4 Nf6 5. Nc3 e5 6. Ndb5 d6 7. Nd5 Nxd5 8.
exd5 Ne7 9. c4 Ng6 10. Bd3 Be7 11. O-O f5 12. f3 O-O 13. Be3 b6 14. b4 a6 15.
Nc3 Bg5 16. Bf2 Nf4 17. Na4 Rb8 18. Qc2 Bh4 19. Rad1 Bxf2+ 20. Rxf2 Nxd3 21.
Qxd3 f4 22. c5 bxc5 23. bxc5 Qa5 24. Nc3 Bf5 25. Ne4 Bxe4 26. fxe4 Qxc5 27.
Qxa6 Rb2 28. Rdf1 Rfb8 29. Qc6 Rxf2 0-1

[Event "ch-city"]
[Site "Milanowek"]
[Date "2010.06.29"]
[Round "4.6"]
[White "Chmielewska, Joanna"]
[Black "Rogalski, Krzysztof"]
[Result "1/2-1/2"]
[WhiteElo "1691"]
[BlackElo "1948"]
[PlyCount "49"]
[EventDate "2010.06.26"]
[EventType "swiss"]
[EventRounds "1"]
[EventCountry "POL"]
[SourceDate "2010.06.26"]

1. e4 c5 2. Nf3 e6 3. d4 cxd4 4. Nxd4 a6 5. Nc3 Qc7 6. Bd3 Nc6 7. Nde2 Nf6 8.
O-O Be7 9. f4 d6 10. a3 b5 11. Ng3 Bb7 12. Kh1 h5 13. h3 Qb6 14. f5 Ne5 15.
fxe6 fxe6 16. Bf4 Nfg4 17. Bxe5 Nxe5 18. Nxh5 Rh7 19. Nf4 Kd7 20. Be2 g5 21.
Nxe6 Rh4 22. Qd4 Qxd4 23. Nxd4 Bxe4 24. Nxe4 Rxe4 25. Bf3 $11 1/2-1/2

[Event "ch-city"]
[Site "Milanowek"]
[Date "2010.06.29"]
[Round "4.7"]
[White "Herman, Monika"]
[Black "Staniak, Mariusz"]
[Result "0-1"]
[WhiteElo "1665"]
[BlackElo "1901"]
[PlyCount "132"]
[EventDate "2010.06.26"]
[EventType "swiss"]
[EventRounds "1"]
[EventCountry "POL"]
[SourceDate "2010.06.26"]

1. e4 e5 2. Nf3 Nc6 3. Bc4 Nf6 4. O-O Bc5 5. d4 Bxd4 6. Nxd4 Nxd4 7. f4 d6 8.
fxe5 dxe5 9. Bg5 Qe7 10. c3 Ne6 11. Bxf6 gxf6 12. Na3 c6 13. Qf3 Nf4 14. Kh1
Rg8 15. g3 Bg4 16. Qf2 Nh5 17. Be2 Qe6 18. Bxg4 Qxg4 19. Qf5 Rd8 20. Nc4 Rg5
21. Qxg4 Rxg4 22. Rad1 Ke7 23. Rxd8 Kxd8 24. Nd6 Ke7 25. Rd1 Ng7 26. Kg2 Ne6
27. Kf3 h5 28. h3 Rg8 29. Nf5+ Ke8 30. h4 b6 31. b4 c5 32. a3 cxb4 33. axb4 Ng7
34. Ra1 Nxf5 35. exf5 Rg4 36. Rxa7 Rc4 37. Ra3 Kd7 38. Ke3 Kc6 39. Kf2 Kd5 40.
Kf3 Rg4 41. Ra6 Kc6 42. Ra7 Rc4 43. Rxf7 Rxc3+ 44. Kf2 Kd5 45. Rxf6 b5 46. Rf8
Ke4 47. f6 Rc2+ 48. Ke1 Ke3 49. Kd1 Rf2 50. f7 e4 51. Ke1 Rg2 52. Kf1 Rf2+ 53.
Ke1 Rg2 54. Kd1 Rf2 55. g4 hxg4 56. h5 g3 57. Rg8 Rxf7 58. Rxg3+ Kf2 59. Rh3 e3
60. Rh2+ Kg3 61. Re2 Kf3 62. Rc2 Rg7 63. Re2 $11 Rd7+ 64. Ke1 Ra7 65. Rd2 exd2+
66. Kxd2 Rh7 0-1

[Event "ch-city"]
[Site "Milanowek"]
[Date "2010.06.29"]
[Round "4.8"]
[White "Lasota, Adam"]
[Black "Woloszyn, Piotr"]
[Result "1/2-1/2"]
[WhiteElo "1825"]
[BlackElo "1759"]
[PlyCount "79"]
[EventDate "2010.06.26"]
[EventType "swiss"]
[EventRounds "1"]
[EventCountry "POL"]
[SourceDate "2010.06.26"]

1. d4 d6 2. Nf3 Nf6 3. c4 g6 4. Nc3 Bg7 5. Bf4 Nh5 6. Bg3 c6 7. e3 Bg4 8. Be2
Nd7 9. O-O Nxg3 10. hxg3 Bxf3 11. Bxf3 h5 12. Qc2 Nf6 13. Rfe1 Qc7 14. Ne2 e5
15. dxe5 dxe5 16. Rad1 Qe7 17. Nc3 Qe6 18. Ne4 Nxe4 19. Bxe4 f5 20. Bf3 e4 21.
Be2 h4 22. gxh4 Rxh4 23. g3 Rh6 24. Bf1 Be5 25. b4 Ke7 26. Bg2 Rah8 27. Qd2 Rh2
28. g4 Bc7 29. Qd4 R8h7 30. Rd2 Qe5 31. Qxe5+ Bxe5 32. Red1 Ke6 33. f3 exf3 34.
gxf5+ gxf5 35. Bxf3 Rg7+ 36. Rg2 Rh3 37. Kf2 Rh4 38. Rc1 f4 39. exf4 Rxf4 40.
Rc2 1/2-1/2